000 00340nam a2200145Ia 4500
008 191201s2006 xx 000 0 und d
082 _a658.804
_bHAI
100 _aHAVALDAR, Krishna
245 0 _aIndustrial Marketing Text and Cases
250 _a2nd
260 _aN.Delhi
_bTMH
_c2006
300 _a379
650 _aMBA
942 _2ddc
_cBK
999 _c2905
_d2905